000 00565nam a2200181Ia 4500
003 IN-BaIIA
008 211028s9999 xx 000 0 eng d
040 _cIIA Library
080 _a535
_bHUG
110 _aUnited States. Hughes aircraft company
_913164
245 0 _aReflective coatings reliability study
_cHughes aircraft company
260 _aCalifornia
_bHughes Aircraft Company
_c1976
300 _avii, 57p.
490 _aAD-A025 757
650 _aAstronomy and astrophysics thesaurus
650 _aOptics
942 _cBK
999 _c7798
_d7798